000
00195nam a2200097Ia 4500
008
221030s9999 xx 000 0 und d
082
_a
105.23
245
0
_a
delete entry
260
_c
0
942
_c
TH
999
_c
6150
_d
6150